U.S. Cities Based Off University (Easy) - Statistics

General Stats
  • This quiz has been taken 62 times
  • The average score is 12 of 15
Answer Stats
University City % Correct
University Of Southern California Los Angeles
96%
University of Texas Austin
95%
University of Washington Seattle
93%
Ohio State University Columbus
88%
Georgetown University Washington D.C.
86%
University of Pennsylvania Philadelphia
84%
Columbia University New York City
79%
Johns Hopkins University Baltimore
77%
University of Arizona Tucson
77%
Vanderbilt University Nashville
72%
Duke University Durham
70%
Yale Univery New Haven
70%
Brown University Providence
68%
Butler University Indianapolis
49%
Xavier University Cincinnati
47%
No matching quizzes found
Score Distribution
Percent of People with Each Score
Percentile by Number Answered
Your Score History
You have not taken this quiz